MDQL
is popping MORE tags! Check the
thread
!
Quizzes
Events
Quiz Creation
Community
Videos
Private Events
Remove Ads
Sign In
Join for FREE
Feedback
Dark Mode
Quiz Categories
Sports
Geography
Music
Movies
Television
Just For Fun
Miscellaneous
History
Literature
Language
Science
Gaming
Entertainment
Religion
Holiday
For Kids
Quiz Lab
Recent
Popular Today
Quiz Kudos Today
Editor Picks
Curator Picks
Quizzes by...
Day
Popularity
Type
Ratings
Length
Year
Community
Subscriptions
Recent Discussions
Orange Saloon
Badges
Playlists
Quests
Create
Leaderboards
Showdown
Live 5
Trivia Bingo
Activity
Puzzle Library
Sporcle Events
Private Events
Virtual Trivia
Globe League
Become a Host
Pub Owners
SporcleCon
Opinionation
Our Games
Videos
Blog
Mobile Apps
Partnerships
Remove Ads and Go Orange
Feedback
Literature
Harry Potter
A Song of Ice and Fire
The Hunger Games
Literary Character
Shakespeare
Book
Author
Novel
Poem
Young Adult
Children's Books
Play
Lord of the Rings
Literature
Harry Potter
A Song of Ice and Fire
The Hunger Games
Literary Character
Shakespeare
Book
Author
Novel
Poem
Young Adult
Children's Books
Play
Lord of the Rings
Random Quiz
Search Sporcle
×
Quiz Lab
Quiz Lab
Literature
Young Adult
Type in answers that appear in a list
Type in answers that appear in a list
Classic
Best Score? Go Orange.
Characters in Narnia book 3 Stats
Can you name the characters in 'The Voyage of the Dawn Treader'?
By
Pengwn
9m
29 Questions
376 Plays
376 Plays
376 Plays
Comments
Comments
Give Quiz Kudos
Give Quiz Kudos
-
- Ratings
hide this ad
More Info
Replay
Link that replays current quiz
Next Quiz
Link to next quiz in quiz playlist
You Got
0%
They Got
Avg Score
48%
Avg Friend Score
Upgrade to see
Score Distribution
Jump to the score distribution portion of the page
Score
0/29
Timer
09:00
0
Plays Today
Role
Character
% Correct
Reigning King of Narnia
Caspian the Tenth
96.3%
Former Queen of Narnia
Lucy Pevensie
95.2%
Former King of Narnia
Edmund Pevensie
93.9%
Cousin of the Pevensies
Eustace Clarence Scrubb
93.6%
Chief Mouse
Reepicheep
87.5%
Not a tame Lion
Aslan
85.6%
Captain
Drinian
57.9%
Aunt of the Pevensies
Alberta
54.1%
Lord created Duke of the Lone Islands
Lord Bern
53.1%
Lord rescued from the Dark Island
Lord Rhoop
52.5%
Regent (not involved, but mentioned often)
Trumpkin the Dwarf
51.7%
Uncle of the Pevensies
Harold
49.9%
Nearly destroys the ship
Sea serpent
49.9%
Invisible creatures made visible
Dufflepuds
49.6%
Old Man (Star)
Ramandu
49.6%
Role
Character
% Correct
Slaver
Pug
36.8%
Lord that may have been (eaten by) a dragon
Lord Octesian
36.5%
Magician
Coriakin
32.5%
Beautiful Girl (Star's daughter)
Ramandu's Daughter
32.5%
Lord transformed to solid gold
Lord Restimar
31.2%
First Mate
Rhince
30.9%
'Earmarked' to succeed as Chief Mouse
Peepiceek
30.7%
Lord asleep at Aslan's Table
Lord Argoz
29.1%
Governor of the Lone Islands
Gumpas
29.1%
Lord asleep at Aslan's Table
Lord Mavramorn
26.7%
Sailor
Rynelf
23.2%
Lord asleep at Aslan's Table
Lord Revilian
22.4%
Sailor not taken to the utter East
Pittencream
14.4%
Slave hand
Tacks
9.3%
Quiz Playlist
Details
Report
Send in Message
Add To Playlist
More Info:
Try my other six Narnia character quizzes: www.sporcle.com/games/Pengwn/narnia1 through .../narnia7
Classic:
Type in answers that appear in a list
Last Updated: Feb 16, 2017
Quiz Scoreboard
CHALLENGE
Sign Up to Join the Scoreboard
Show All
Scores
Hide
Comments
May contain spoilers
Recently Published
5x2 Blitz: Bands
by SL_Kpop136
Music
30s
Colored Red Africa Blitz
by spor1
Geography
30s
Find the 'City' Movie
by crazypaving
Movies
60s
More to Explore
Quiz From the Vault
Featured Blog Post
14 Easter Pick-up Lines to Find Eggs With
hide this ad
You Might Also Like...
Tags
Young Adult Quiz
CS Lewis
Narnia
Narnia Character
Narnia Series
Today's Top Quizzes in Literature
Browse Literature
hide this ad
Today's Top Quizzes in Young Adult
Browse Young Adult
Top Contributed Quizzes in Literature
1
Sneaky Slytherin Logic Puzzle
2
One Thing in Common: Literature II
3
A Series of Unfortunate Events logic puzzle
4
Harry Potter Clickable Logic Puzzle #4
5
Multi-Category Minefield Blitz: Hunger Games
6
Harry Potter logic puzzle: Forensics Investigation
7
10-to-1 Game Of Thrones
8
10 Layers of Google Translate: Stephen King Books
9
Hunger Games Tributes Logic Puzzle
10
Characters With Most Lines in 'Catching Fire'
Explore More
Trending Topics
NBA
Anime
Harry Potter
Crossword
Marvel
Disney
Kpop
The Office
Country
Pokémon
Soccer
NFL
Puzzle
Song
WWE
hide this ad
More By:
Pengwn
Quiz
Plays
Rating
Category
Featured
Created
60 Second Blitz: Element Symbols
167,891
3.57
Science
Feb 13, 2010
Characters in Narnia book 1
2,619
4.67
Literature
Oct 12, 2010
Presidents by Animaniacs description
775
4.27
Entertainment
Nov 12, 2010
Neighbors of South Sudan Minefield
748
4.00
Geography
Jul 9, 2011
Final Fantasy I Enemies
633
4.67
Gaming
Jul 17, 2010
Go to Creator's Profile
Score Distribution
Quiz Creator Spotlight
Pengwn
Follow
Send a Message
Quizzes Created
-
Created Quiz Play Count
-
More By This Creator
Popular Quizzes Today
1
Find the 'City' Movie
2
5x2 Blitz: Bands
3
Colored Red Africa Blitz
4
The Countries of the World
5
Find the US States - No Outlines Minefield
6
Find the US States
7
9x9 Crossword: Cartoon Network
8
US States
More Literature Quizzes
Profile: Bilbo Baggins
Published
Trending Quizzes
Colored Red Africa Blitz II
Colored Red Europe Blitz I
Colored Red Africa Blitz III
Colored Red Europe Blitz II
Colored Red Europe Blitz III
Recently Updated
Champions League XIs: Real Madrid
pecheneg
Largest US Cities 1790-2010
pecheneg
Rides in Walt Disney World
pecheneg
Most Oscar Losses (Acting)
pecheneg
Beyoncé Albums
pecheneg
Leaping Animals
pecheneg
Reality TV Shows (A-Z)
bhenderson79
Rickey Henderson's Hall of Fame Teammates
pecheneg
Champions League XIs: Arsenal
pecheneg
Quick Pick: Celebrities in WWE's Hall of Fame
aduchscher
Trending Topics
Kpop
Harry Potter
Crossword
NBA
Marvel
Disney
Anime
Puzzle
WWE
Song
Country
The Office
Pokémon
Soccer
NFL
Your Account Isn't Verified!
In order to create a playlist on Sporcle, you need to verify the email address you used during registration. Go to your
Sporcle Settings
to finish the process.
Report this User
Report this user for behavior that violates our
Community Guidelines
.
Details:
Send Report
Go to the Sporcle.com Mobile Site →
Comments